Najlepsze reprezentacje w koszykówkę - Statystyki

Ogólne statystyki
  • Ten quiz został rozwiązany 326 razy
  • Średni wynik to 13 z 20
Statystyki odpowiedzi
Numer Kraj Punkty % Poprawnych
2 Stany Zjednoczone 757.2
100%
14 Polska 591.1
93%
5 Francja 715.9
92%
1 Hiszpania 758.3
92%
15 Kanada 577.8
88%
11 Niemcy 643.5
88%
13 Brazylia 593.6
78%
6 Serbia 710.2
76%
10 Włochy 650.4
74%
4 Argentyna 733.6
72%
7 Słowenia 701.9
69%
9 Grecja 665.1
64%
8 Litwa 670.4
64%
3 Australia 740.2
58%
12 Czechy 593.8
55%
16 Turcja 573
51%
18 Czarnogóra 517
20%
19 Nigeria 461.4
20%
17 Wenezuela 523
14%
20 Portoryko 455.4
12%
Nie znaleziono quizów pasujących do podanych kryteriów
Rozkład punktacji
Procent ludzi z każdym wynikiem
Percentyl według liczby udzielonych odpowiedzi
Twoja historia wyników
Nie rozwiązałeś tego quizu